Riconosci il Pokémon - Quiz n°98 - Statistics

Statistiche generali
  • Questo quiz è stato fatto 10 volte
  • Il punteggio medio è 9 su 10
Statistiche sulle risposte
Indizio Risposta % Corretto
Peso 9,0 kg
100%
Generazione Prima
100%
Tipo Veleno
100%
Abilità Velenopunte; Antagonismo; Tuttafretta
100%
Altezza 0,5 m
89%
Sesso 100% ♂
89%
Stadio evoluzione Forma Base
89%
Tasso di cattura 235 (41.3%)
78%
Tasso di allevamento Medio-Lento
78%
Pokémon Nidoran♂
67%
Nessun quiz corrispondente trovato
Distribuzione punteggi
Percentuale di utenti per punteggio
Percentile per numero di risposta
I tuoi punteggi nel tempo
Non hai fatto questo quiz